000 00855nam a2200253 4500
003 OSt
005 20260530113857.0
008 260514b2012 mx |||| |||| 00| 0 spa d
040 _aICI
_bspa
_cICI
041 _aspa
050 _aNK2117.K5
_bM33
100 1 _aBerrondo, Luis,
_dautor
_931886
245 1 0 _aMabe:
_bcolección cocina de autor /
_ctextos de Luis Berrondo, Julieta Sarfati y Ana Loyola de Bastiani
264 1 _aCiudad de México :
_bCorporativo MABE,
_c2012
300 _a51 páginas :
_bilustraciones
336 _atexto
_2rdacontent
337 _asin medio
_2rdamedia
338 _avolumen
_2rdacarrier
650 4 _aCocinas
_xDiseños y planos
_vCatpalogo
_931887
650 4 _aCocinas
_xDiseño
_vCatálogos
_931888
700 1 _aSarfati, Julieta,
_eautor
_931889
700 1 _aLoyola de Bastiani, Ana,
_eautor
_931890
942 _2lcc
_cBK
_n1
999 _c11674
_d11674